00597nam a22001337a 450000500170000000800410001705000310005810000200008924501260010926000370023530000180027250000390029065001340032920260514103239.0260514b |||||||| |||| 00| 0 eng d aTHE HQ 784 .S 15 K83 2026  aKWAMBOKA FANNYS aEFECTIVENESS OF PROSECUTION PROCESS IN MAANAGEMENT OF CHILD DEFILEMENT IN KITUTU CENTRAL SUB COUNTY, KISII COUNTY, KENYA. aKISII, bKISII UNIVERSITY PRESS, aXVIII, 116 P, aINCLUDES BIBLIOGRAPHIC REFERENCES. aCHILD- SEXUAL ABUSE- KENYA- CASE STUDIES. 2. DEFILEMENT( LAW) - KENYA- EFFECTIVENESS. 3. DEFILEMENT( LAW) - KENYA PROSECUTION.